| 000 | 00725nam a22002177a 4500 | ||
|---|---|---|---|
| 999 |
_c20394 _d20394 |
||
| 003 | AR-CdUCM | ||
| 008 | 190502b ||||| |||| 00| 0 spa d | ||
| 040 |
_aMUNICIPALIDAD PROVINCIAL DEL CUSCO _cBIBLIOTECA MUNICIPAL DEL CUSCO |
||
| 082 |
_a985.009 / _bAL47 |
||
| 100 |
_aAlva Orlandini, Hernan _935590 |
||
| 245 | _aAndres A. Cáceres / | ||
| 260 |
_aLima : _bUniversitaria, _c1966. |
||
| 300 |
_a116 páginas ; _c20 cm. |
||
| 440 |
_n4 _910574 |
||
| 505 | _aContenido; Andres A. Cáceres -- Antes de la guerra -- Rene Hooper Lopez -- Migles Iglesias... | ||
| 650 |
_aHistoria peruana _91316 |
||
| 650 |
_aPresidentes peruanos _942651 |
||
| 700 |
_aZamalloa Armejo, Raul _938976 |
||
| 942 |
_2ddc _cLIBROS |
||
| 945 | _aAndy | ||